| 000 | 00753cam a22002291 4500 | ||
|---|---|---|---|
| 001 | sa 65008205 | ||
| 003 | DLC | ||
| 005 | 20260227112154.0 | ||
| 008 | 861126s1964 ii ac 000 0 eng | ||
| 010 | _asa 65008205 | ||
| 025 | _aPL480:I-E-4302 | ||
| 035 | _a(OCoLC)14878589 | ||
| 040 |
_aDLC _cWaU _dDLC |
||
| 042 | _apremarc | ||
| 050 | 0 | 0 |
_aDS481.B48 _bA7 |
| 100 | 1 |
_aAjgaonkar, Gungu Phatu, _d1919- |
|
| 245 | 1 | 0 |
_aSenapati Bhonsale; _bthe I.N.A chief & father of National discipline scheme _c[by] G.F. [sic.] Ajgaonkar. English version: D.G. Naik. |
| 260 |
_a[Bombay, _bN.R. Ralkar, _c1964] |
||
| 300 |
_a12, 65 p. _billus., ports. _c19 cm. |
||
| 600 | 1 | 0 |
_aBhonsle, Jagannathrao Krishnarao, _d1906 or 1907-1963. |
| 610 | 2 | 0 | _aIndian National Army. |
| 999 |
_c65638 _d65638 |
||